Statistics for World's Biggest Cities by Skyscraper Height

Click here to take the quiz!

General Stats

  • This quiz has been taken 1,330 times
  • The average score is 14 of 20

Answer Stats

HintAnswer% Correct
109,720 ft.New York City
99%
66,248 ft.Dubai
91%
333,836 ft.Hong Kong
91%
59,958 ft.Shanghai
91%
73,008 ft.Tokyo
90%
48,441 ft.Chicago
88%
22,192 ft.Beijing
83%
33,735 ft.Singapore
71%
39,308 ft.Seoul
67%
42,865 ft.Guangzhou
65%
23,674 ft.Jakarta
63%
22,754 ft.Osaka
63%
27,867 ft.Toronto
63%
48,737 ft.Bangkok
62%
34,035 ft.Kuala Lumpur
62%
26,307 ft.Manila
55%
22,794 ft.Sao Paulo
54%
33,435 ft.Shenzhen
50%
31,475 ft.Chongqing
27%
27,478 ft.Panama City
21%

Score Distribution

Percentile by Number Answered

Percent of People with Each Score

Your Score History

You have not taken this quiz